| 000 | 00669nam a2200253 a 4500 | ||
|---|---|---|---|
| 001 | |||
| 003 | OSt | ||
| 005 | 20260116073830.0 | ||
| 008 | 090930s2020 dr 000 0 spa d | ||
| 020 | _a9789945220452 | ||
| 040 |
_aDO-SdBNP _bspa _cBNPHU |
||
| 082 |
_a158.1 _bA185u 2020 |
||
| 100 | 1 |
_aAcosta, Pedro _9463 |
|
| 245 | 1 | 0 |
_aUna gota de lluvia / _cPedro Acosta. |
| 250 | _a3a. ed. | ||
| 260 |
_aSanto Domingo : _bBúho, _c2020 |
||
| 300 |
_a87 p. ; _c14 cm. |
||
| 590 | _aInventariado, 2020/VM | ||
| 650 | 0 |
_aAutorrealización (Psicología) _9211 |
|
| 650 | 0 |
_aAutoestima _9212 |
|
| 650 | 4 |
_aDesarrollo humano _9213 |
|
| 910 | _a VMateo | ||
| 942 |
_2ddc _cLBS1 |
||
| 999 |
_c49081 _d49081 |
||